Inazuma Eleven 1 Shuriken + Farm - Statistics

Statistiche generali
  • Questo quiz è stato fatto 5 volte
    4 dall'ultimo reset
  • Il punteggio medio è 7 su 14
Statistiche sulle risposte
Risposta % Corretto
Muraglia infinita
100%
Maglio del guardiano
75%
Ragnatela
75%
Tiro Ninja a valanga
75%
Ciclone incrociato
50%
Illusione ottica
50%
Lampo abbagliante
50%
Ninja Dribbling
50%
Ombra avvolgente
50%
Pallone rotante
50%
Blocco difensivo insuperabile
25%
Colpo ripetuto
25%
Triangolo ipnotico
25%
Effetto talpa
0%
Nessun quiz corrispondente trovato
Distribuzione punteggi
Percentuale di utenti per punteggio
Percentile per numero di risposta
I tuoi punteggi nel tempo
Non hai fatto questo quiz dall'ultimo reset